Catalina de Aragón / (Record no. 184103)
[ view plain ]
| 000 -LEADER | |
|---|---|
| campo de control de longitud fija | 00851nam a2200229 i 4500 |
| 001 - NÚMERO DE CONTROL | |
| campo de control | 184103 |
| 003 - IDENTIFICADOR DE NÚMERO DE CONTROL | |
| campo de control | ES-MaACL |
| 005 - FECHA Y HORA DE LA ÚLTIMA TRANSACCIÓN | |
| campo de control | 20250915063106.0 |
| 008 - DATOS DE LONGITUD FIJA--INFORMACIÓN GENERAL | |
| campo de control de longitud fija | 150316s1943 sp |||| |bspa d |
| 080 ## - NÚMERO DE LA CLASIFICACIÓN DECIMAL UNIVERSAL | |
| Número de la Clasificación Decimal Universal | 929 Catalina de Aragón (42) |
| 100 1# - ENTRADA PRINCIPAL--NOMBRE DE PERSONA | |
| Nombre de persona | Ximénez de Sandoval, Felipe, |
| Fechas asociadas al nombre | 1903-1978 |
| 9 (RLIN) | 117510 |
| 245 10 - MENCIÓN DEL TÍTULO | |
| Título | Catalina de Aragón / |
| Mención de responsabilidad, etc. | Tomás Crame [seud.]. |
| 260 ## - PUBLICACIÓN, DISTRIBUCIÓN, ETC. | |
| Lugar de publicación, distribución, etc. | Madrid : |
| Nombre del editor, distribuidor, etc. | Atlas, |
| Fecha de publicación, distribución, etc. | 1943. |
| 300 ## - DESCRIPCIÓN FÍSICA | |
| Extensión | 157 p. ; |
| Dimensiones | 20 cm. |
| 490 1# - MENCIÓN DE SERIE | |
| Mención de serie | Vidas ; |
| Designación de volumen o secuencia | 11 |
| 597 ## - NOTA DE DESCRIPCIÓN FÍSICA | |
| NOTA DE DESCRIPCIÓN FÍSICA | Con sello de: Biblioteca D.P. Educación Nacional, Madrid. |
| 598 ## - NOTA LOCAL | |
| Nota local | Colección de biografías... bajo la dir. de Joaquín Arrarás. |
| 600 07 - PUNTO DE ACCESO ADICIONAL DE MATERIA--NOMBRE DE PERSONA | |
| Nombre de persona | Catalina de Aragón, |
| Títulos y otros términos asociados al nombre | Reina consorte de Enrique VIII, Rey de Inglaterra, |
| Fechas asociadas al nombre | 1485-1536 |
| Fuente del encabezamiento o término | |
| 9 (RLIN) | 138769 |
| 830 0# - PUNTO DE ACCESO ADICIONAL DE SERIE-TÍTULO UNIFORME | |
| Título uniforme | Vidas ; |
| Designación de volumen o secuencia | 11 |
| 9 (RLIN) | 192031 |
| 852 ## - LOCALIZACIÓN | |
| Ubicación | ES-MaACL |
| Número de control de estantería | E-15497 |
| Nota libre | . - enc. hol. |
| Estatus retirado | Estado de pérdida | Estado de daño | No para préstamo | Biblioteca de origen | Biblioteca actual | Ubicación en estantería | Fecha de adquisición | Fuente de adquisición | Total de préstamos | Signatura topográfica completa | Código de barras | Visto por última vez | Precio de reemplazo | Tipo de ítem Koha |
|---|---|---|---|---|---|---|---|---|---|---|---|---|---|---|
| Biblioteca del Ateneo de Madrid | Biblioteca del Ateneo de Madrid | Depósito 2 | 16/03/2015 | E-15497 | 1193614 | 23/02/2023 | 23/02/2023 | Libro impreso |
